|
|
|
|
| LEADER |
01152nam a2200337 a 4500 |
| 001 |
000077274 |
| 003 |
CZ BrMZK |
| 005 |
20220204170536.0 |
| 007 |
ta |
| 008 |
960713s1996 xr e f 0 cze d |
| 015 |
|
|
|a cnb000097830
|
| 040 |
|
|
|a BOA001
|b cze
|
| 043 |
|
|
|a e-xr---
|b e-xr-li
|2 czenas
|
| 045 |
|
|
|a x9x9
|
| 072 |
|
7 |
|a 069
|x Muzea. Muzeologie. Muzejnictví. Výstavy
|2 Konspekt
|9 12
|
| 080 |
|
|
|a 069.9
|2 MRF
|
| 080 |
|
|
|a (437.316)
|2 MRF
|
| 080 |
|
|
|a (036)
|2 MRF
|
| 100 |
1 |
|
|a Melanová, Miloslava,
|d 1947-
|7 jk01081107
|4 aut
|
| 245 |
1 |
0 |
|a Liberecká výstava 1906 /
|c Miloslava Melanová.
|
| 260 |
|
|
|a Liberec :
|b Kalendář Liberecka,
|c 1996
|
| 300 |
|
|
|a 63 s., [8] s. příl. :
|b il. (některé barev.), plány ;
|c 21 cm
|
| 500 |
|
|
|a Bibliogr. - Souhrn něm.
|
| 648 |
|
7 |
|a 20. století
|7 ch460558
|
| 648 |
|
4 |
|a 1906
|
| 650 |
0 |
7 |
|a výstavy
|7 ph116705
|z Česko
|y 20. století
|2 czenas
|
| 651 |
|
7 |
|a Liberec (Česko)
|7 ge128509
|2 czenas
|
| 655 |
|
7 |
|a informační publikace
|7 fd132454
|2 czenas
|
| 910 |
|
|
|a BOA001
|b 2-1022.264
|
| 990 |
|
|
|a BK
|
| 996 |
6 |
|
|b 2610038696
|c 2-1022.264
|l MZK
|r Sklad / do 1 hodiny
|n 2
|p p.v.
|w 000077274
|u 000010
|a 1
|e BOA001
|j MZK50
|s P
|